Movies Quiz

Random Movies or Song Quiz
Score 0/58 Timer 14:00
1 Play Today
Time Movie % Correct
0:42-0:49The Lego Movie
73.7%
1:44-1:52Captain America: The Winter Soldier
64.2%
4:02-4:11Guardians of the Galaxy
64.2%
1:34-1:44Muppets Most Wanted
62.1%
2:09-2:19The Amazing Spider-Man 2
62.1%
2:52-3:01Maleficent
56.8%
8:00-8:11The Hunger Games: Mockingjay - Part 1
56.8%
2:28-2:37X-Men: Days of Future Past
55.8%
8:36-8:52The Hobbit: The Battle of the Five Armies
54.7%
2:45-2:52Edge of Tomorrow
53.7%
7:29-7:39Interstellar
53.7%
1:15-1:24The Grand Budapest Hotel
51.6%
3:37-3:46Transformers: Age of Extinction
51.6%
8:52-9:01Annie
51.6%
3:10-3:2022 Jump Street
49.5%
3:28-3:37The Fault in Our Stars
49.5%
7:39-7:50Big Hero 6
49.5%
9:01-9:14Big Eyes
49.5%
3:46-4:02Dawn of the Planet of the Apes
48.4%
9:14-9:29Into the Woods
48.4%
2:37-2:45How to Train Your Dragon 2
47.4%
5:24-5:32Birdman
47.4%
0:08-0:16Boyhood
46.3%
0:33-0:42Robocop
46.3%
2:01-2:09Rio 2
45.3%
2:19-2:28Godzilla
42.1%
5:54-6:08The Imitation game
42.1%
5:32-5:43The Boxtrolls
38.9%
6:37-6:48Annabelle
38.9%
Time Movie % Correct
6:29-6:37Gone Girl
36.8%
4:28-4:39Teenage Mutant Ninja Turtles
34.7%
8:22-8:36Exodus: Gods and Kings
34.7%
4:19-4:28Lucy
32.6%
1:24-1:34Noah
29.5%
1:52-2:01Divergent
29.5%
1:06-1:15300: Rise of an Empire
28.4%
4:39-4:49Get on Up
28.4%
8:11-8:22Penguins of Madagascar
28.4%
4:11-4:19Hercules
27.4%
3:01-3:10A Million Ways to Die in the West
26.3%
5:43-5:54Nightcrawler
26.3%
0:00-0:08Jack Ryan: Shadow Recruit
25.3%
4:49-4:59The Expendables 3
24.2%
6:08-6:19The Maze Runner
24.2%
0:49-0:57The Monuments Men
23.2%
0:16-0:24I, Frankenstein
22.1%
0:57-1:06Mr. Peabody & Sherman
22.1%
3:20-3:28Jersey Boys
22.1%
7:11-7:21Fury
22.1%
0:24-0:33Non-stop
20%
5:15-5:24Sin City: A Dame to Kill For
18.9%
7:50-8:00Dumb and Dumber To
17.9%
6:19-6:29The Equalizer
16.8%
6:58-7:11The Judge
16.8%
4:59-5:07Step Up: All In
15.8%
6:48-6:58Dracula Untold
15.8%
7:21-7:29John Wick
14.7%
5:07-5:15The Giver
11.6%
Remove Ads.
Support Sporcle.
Get the best of Sporcle when you Go Orange. This ad-free experience offers more features, more stats, and more fun while also helping to support Sporcle. Thank you for becoming a member.

You're not logged in!

Compare scores with friends on all Sporcle quizzes.
OR
Log In

Show Comments

Extras

Top Quizzes Today


Score Distribution

Your Account Isn't Verified!

In order to create a playlist on Sporcle, you need to verify the email address you used during registration. Go to your Sporcle Settings to finish the process.

Report this User

Report this user for behavior that violates our Community Guidelines.

Details: